| 000 | 00687nam a2200193 a 4500 | ||
|---|---|---|---|
| 001 | 1396 | ||
| 003 | CDMR | ||
| 005 | 20131126170130.0 | ||
| 008 | 130130s1976||||||||||||||||||||||||||||d | ||
| 040 |
_aCDMR _bcat _cCDMR |
||
| 245 | 0 | 0 | _aGuide du droit de la presse |
| 260 |
_aParis _c1976 _bCentre de Formation et de Perfectionnement des journalistes (CFPJ) |
||
| 300 | _a116 p. | ||
| 490 | 0 | _aGuides du Centre de Formation et de Perfectionnement des Journalistes | |
| 650 | 0 | 4 |
_94149 _aEmpreses periodÃstiques _xDret i legislació |
| 650 | 0 | 4 |
_92767 _aPeriodistes _xSituació legal, lleis, etc |
| 710 | 2 |
_91069 _aCentre de Formation et de Perfectionnement des Journalistes |
|
| 942 |
_cMON _2udc |
||
| 999 |
_c1396 _d1396 |
||